Counties of the island of Ireland - Statistics

General Stats
  • This quiz has been taken 11 times
    4 since last reset
  • The average score is 25 of 32
Answer Stats
counties % Correct
Antrim
100%
Armagh
100%
Cork
100%
Derry/Londonderry
100%
Donegal
100%
Down
100%
Dublin
100%
Fermanagh
100%
Galway
100%
Kerry
100%
Kildare
100%
Kilkenny
100%
Limerick
100%
Mayo
100%
Roscommon
100%
Tipperary
100%
Waterford
100%
Wexford
100%
Carlow
50%
Cavan
50%
Clare
50%
Laois
50%
Leitrim
50%
Longford
50%
Louth
50%
Meath
50%
Monaghan
50%
Offaly
50%
Sligo
50%
Tyrone
50%
Westmeath
50%
Wicklow
0%
No matching quizzes found
Score Distribution
Percent of People with Each Score
Percentile by Number Answered
Your Score History
You have not taken this quiz since the last reset